Normal view
MARC view
- Tecnología educativa
Entry Materia
001 - NÚMERO DE CONTROL DEL REGISTRO
- campo de control: 5474
003 - IDENTIFICADOR DE NUMERO DE CONTROL
- campo de control: MX-MxUPN
005 - FECHA Y HORA DE LA ÚLTIMA TRANSACCIÓN
- campo de control: 20250925112139.0
008 - DATOS DE LONGITUD FIJA
- campo de control de longitud fija: 250225dn fcnnnaabd b ana |d
035 ## - NÚMERO DE CONTROL DEL SISTEMA
- Número de control del sistema: UPN10000005474
040 ## - FUENTE DE LA CATALOGACIÓN
- Centro catalogador de origen: MX-MxUPN
- Lengua de catalogación: spa
150 ## - ENCABEZAMIENTO - TEMÁTICO
- Término de materia o nombre geográfico como elemento inicial: Tecnología educativa
- Subdivisión geográfica: Colombia
670 ## - FUENTE EN LA QUE SE LOCALIZARON DATOS
- Cita de la fuente: Autoridades LC, 25 febrero 2025 :
- Información localizada: (Educational technology - Colombia)
- Identificador Uniforme del Recurso: https://authorities.loc.gov
902 ## - CATALOGADOR
- Catalogador: MMA/271106
- Catalogador: VíctorGodínez/250225
